Music Quiz

Random Music or Musical Quiz
Score 0/30 Timer 04:00
1 Play Today
% Correct
Simon and Garfunkel
87.2%
The Blues Brothers
86.7%
DJ Jazzy Jeff and the Fresh Prince
82.7%
Wham!
80.9%
Eurythmics
77.5%
Hall and Oates
75.8%
The Carpenters
71.2%
Sonny and Cher
70.2%
Tenacious D
70%
Outkast
67.4%
Gnarls Barkley
67.1%
The White Stripes
65.6%
Loggins and Messina
57.8%
She & Him
56%
Crosby & Nash
52.7%
% Correct
Indigo Girls
50.7%
The Everly Brothers
44%
The Righteous Brothers
42.1%
Steely Dan
33.2%
Tears for Fears
27.5%
The Black Keys
27.2%
Ashford and Simpson
24.3%
Kid 'n Play
23.4%
Big & Rich
16.3%
Seals and Crofts
15.7%
Sam and Dave
15.4%
Jan and Dean
15%
Peter and Gordon
12.2%
Chad and Jeremy
9.5%
Peaches and Herb
8%
Remove Ads.
Support Sporcle.
Get the best of Sporcle when you Go Orange. This ad-free experience offers more features, more stats, and more fun while also helping to support Sporcle. Thank you for becoming a member.

You're not logged in!

Compare scores with friends on all Sporcle quizzes.
OR
Log In

Show Comments

Extras

Top Quizzes Today


Score Distribution

Your Account Isn't Verified!

In order to create a playlist on Sporcle, you need to verify the email address you used during registration. Go to your Sporcle Settings to finish the process.

Report this User

Report this user for behavior that violates our Community Guidelines.

Details: